Wyspy według najbliższego państwa kontynentalnego - Statystyki

Ogólne statystyki
  • Ten quiz został rozwiązany 58 razy
  • Średni wynik to 10 z 15
Statystyki odpowiedzi
Wyspa km Państwo % Poprawnych
Kreta 282 Turcja
94%
Madagaskar 423 Mozambik
90%
Wyspa Wiktorii 905 Stany Zjednoczone
90%
Korsyka 92 Włochy
90%
Jeju 457 Chiny
88%
Hokkaido 382 Rosja
88%
Nowa Gwinea 191 Australia
85%
Hajnan 264 Wietnam
63%
Hiiumaa 84 Finlandia
58%
Haiti 572 Kolumbia
56%
Gotlandia 152 Łotwa
52%
Lolland 38 Niemcy
52%
Sokrota 234 Somalia
38%
Ziemia Ognista 2199 Urugwaj
35%
Bioko 43 Kamerun
23%
Nie znaleziono quizów pasujących do podanych kryteriów
Rozkład punktacji
Procent ludzi z każdym wynikiem
Percentyl według liczby udzielonych odpowiedzi
Twoja historia wyników
Nie rozwiązałeś tego quizu